Globalizačné výzvy sociálnemu dialógu a sociálnemu občianstvu

Spoločenské funkcie sociálneho partnerstva po druhej svetovej vojne v západných najmä európskych krajinách. Miesto a význam sociálneho partnerstva v závislosti od charakteru politického systému. Sociálny dialóg, kolektívne vyjednávanie a trendy súčasnosti: liberalizmus, globalizácia a integrácia. Re...

ver descrição completa

Na minha lista:
Detalhes bibliográficos
Autor principal: Čambáliková, Monika
Formato: Capítulo de Livro
Idioma:eslovaco
Assuntos:
Tags: Adicionar Tag
Sem tags, seja o primeiro a adicionar uma tag!

MARC

LEADER 00000naa a2200000 4500
001 r046889
005 20230929071103.5
041 0 |a slo 
044 |a SK 
245 1 0 |a Globalizačné výzvy sociálnemu dialógu a sociálnemu občianstvu  |c Monika Čambáliková 
520 |a Spoločenské funkcie sociálneho partnerstva po druhej svetovej vojne v západných najmä európskych krajinách. Miesto a význam sociálneho partnerstva v závislosti od charakteru politického systému. Sociálny dialóg, kolektívne vyjednávanie a trendy súčasnosti: liberalizmus, globalizácia a integrácia. Regionálny a európsky sociálny dialóg. 
610 2 0 |a partnerstvo sociálne 
610 2 0 |a občania 
610 2 0 |a systémy politické 
610 2 0 |a dialóg sociálny 
610 2 0 |a vyjednávanie kolektívne 
610 2 0 |a liberalizmus 
610 2 0 |a globalizácia 
610 2 0 |a integrácia 
610 2 0 |a Európa 
610 2 0 |a Slovensko 
100 1 |a Čambáliková, Monika